Một số suy nghĩ về cơ chế xét xử vụ án dân sự

Αποθηκεύτηκε σε:
Λεπτομέρειες βιβλιογραφικής εγγραφής
Κύριος συγγραφέας: Lê Thu Hà
Μορφή: Βιβλίο
Γλώσσα:Undetermined
Έκδοση: H. CTQG 2003
Θέματα:
Ετικέτες: Προσθήκη ετικέτας
Δεν υπάρχουν, Καταχωρήστε ετικέτα πρώτοι!
Thư viện lưu trữ: Trung tâm Học liệu Trường Đại học Cần Thơ
LEADER 00505nam a2200181Ia 4500
001 CTU_54199
008 210402s9999 xx 000 0 und d
020 |b 13000 
082 |a 347.597'01 
082 |b H100 
100 |a Lê Thu Hà 
245 0 |a Một số suy nghĩ về cơ chế xét xử vụ án dân sự 
245 0 |c Lê Thu Hà 
260 |a H. 
260 |b CTQG 
260 |c 2003 
650 |a civil procedure 
980 |a Trung tâm Học liệu Trường Đại học Cần Thơ